Statistics for Country by letter #1: All countries starting with the letter A

Click here to take the quiz!

General Stats

  • This quiz has been taken 41 times
  • The average score is 10 of 11

Answer Stats

ContinentAnswer% Correct
OceaniaAustralia
100%
EuropeAustria
97%
South AmericaArgentina
94%
AsiaAfghanistan
92%
EuropeAlbania
92%
AsiaAzerbaijan
92%
EuropeAndorra
89%
AfricaAngola
89%
North AmericaAntigua and Barbuda
86%
AsiaArmenia
86%
AfricaAlgeria
83%

Score Distribution

Percentile by Number Answered

Percent of People with Each Score

Your Score History

You have not taken this quiz